Normal view
MARC view
Entry Personal Name
001 - CONTROL NUMBER
- control field: 938
003 - CONTROL NUMBER IDENTIFIER
- control field: OSt
005 - DATE AND TIME OF LATEST TRANSACTION
- control field: 20251021092404.0
008 - FIXED-LENGTH DATA ELEMENTS
- fixed length control field: 251021|| aca||aabn | a|a d
040 ## - CATALOGING SOURCE
- Original cataloging agency: OSt
- Transcribing agency: OSt
100 ## - HEADING--PERSONAL NAME
- Personal name: SARMA DR. N. C
670 ## - SOURCE DATA FOUND
- Source citation: Work cat.: (OSt)31978: SARMA DR. N. C., PURANI AXAMIYA SAHITYAR ALOK-REKHA, 1987